00553nam a22002057a 450000500170000001000130001702000100003003500130004003700160005304000120006908200200008110000180010124500650011926000430018427000390022730000230026650000200028965000090030965000290031820170124110026.0 aA-227685 c70.00 aA-227685 bCen Lib/Ret aDPLbEN a334.095416bASH aAshwani Kumar aLaws of co-operative societies in India /cby Ashwani Kumar bSeven Star Publications a Delhic1982 b DelhiaC.D. Moria enclave e11034 avi,239p.c21cm(Hb) aIncludes index  aLaw  aCooperative soceityxlaw